000 00706nam a2200289Ia 4500
005 20260324142858.0
008 008 260324s9999 xx 000 0 eng d
020 _a9781315807508
037 _aEBOOK
040 _aCRL
040 _beng
040 _cCRL
041 _2eng
041 _aeng
084 _qCRL
100 _aDavid L. Featherman; Marion Perlmutter; Richard M. Lerner
_91213566
245 0 _aLife-Span Development and Behavior
245 0 _bVolume 11
260 _bTaylor and Francis
260 _c1993
365 _a
365 _b230
856 _uhttp://www.taylorfrancis.com/books/9781315807508
942 _cEBOOK
999 _c1818304
_d1818304